00581 2200217 4500001002100000005001500021035002000036007000300056008004100059020001800100082001000118084001600128100001900144245007000163250001500233260004700248300002500295650002100320700001200341990001000353INLIS00000000000068120171013105505 a0010-1017000235ta171013 f 0 ind  a979-421-988-6 a297.6 a297.6 MUN i0 aMunawar, Budhy1 aislam Pluralis :bWacana Kesetaraan Kaum Beriman /cBudhy Munawar aed.1 Cet.1 aJakarta :bPT. RajaGrafindo Persada,c2004 a602hlm ;c14 x 21 cm aIslam Pluralisme0 aRachman a415 a